000 00371nam a2200145Ia 4500
008 231129s1994||||xx |||||||||||||| ||spa||
020 _a84-87535-91-7
040 _bspa
082 _a751.422 B289i
100 _aBartlett Charles
245 0 _aIntroducción a la acuarela
260 _c1994
264 _aBlume
942 _2ddc
_cBKS
999 _c15823
_d15823